00544nam a2200193Ia 4500999001700000005001700017020001400034041001200048100002100060245003800081250002000119260001900139260000900158260002200167300000900189500003500198942000700233952011000240 c62447d6244720190817124800.0 a131804154 aEnglish a"Hart, Daniel W" 0aIntroduction to Power Electronics a\\199700ENGGPSX aPrentice Hall  b1997 cEnglewood Cliffs  a418p aincludes index and biblioraphy cBK 00104070aPSGbPSGcSW ROW 3 RACK 44 SHELF 2d2018-04-25l0o621.381 H3p72370r2018-04-25 00:00:00yBK